Habitons en France! (Record no. 60472)

MARC details
000 -LEADER
fixed length control field 00726cam a2200217 4500
001 - CONTROL NUMBER
control field ABS60824
008 - FIXED-LENGTH DATA ELEMENTS--GENERAL INFORMATION
fixed length control field 000000n1999 000 0 eng u
035 ## - SYSTEM CONTROL NUMBER
System control number (Sirsi) u101323
100 ## - MAIN ENTRY--PERSONAL NAME
Personal name Harris, P.
245 ## - TITLE STATEMENT
Title Habitons en France!
260 ## - PUBLICATION, DISTRIBUTION, ETC.
Date of publication, distribution, etc. 1999
490 ## - SERIES STATEMENT
Series statement Solicitors' Journal
Volume/sequential designation 143(3711) 17 June 1999, 300-301(2)
520 ## - SUMMARY, ETC.
Summary, etc. Outlines methods of acquiring and holding property in France, and identifies some of the issues which non-residents should consider before taking on a property, including wealth tax, gift tax and estate duty.
650 ## - SUBJECT ADDED ENTRY--TOPICAL TERM
Topical term or geographic name entry element FRANCE
650 ## - SUBJECT ADDED ENTRY--TOPICAL TERM
Topical term or geographic name entry element ESTATE DUTY
650 ## - SUBJECT ADDED ENTRY--TOPICAL TERM
Topical term or geographic name entry element HOUSE PURCHASE
650 ## - SUBJECT ADDED ENTRY--TOPICAL TERM
Topical term or geographic name entry element OVERSEAS PROPERTY
650 ## - SUBJECT ADDED ENTRY--TOPICAL TERM
Topical term or geographic name entry element TAXATION
690 ## - LOCAL SUBJECT ADDED ENTRY--TOPICAL TERM (OCLC, RLIN)
Topical term or geographic name as entry element OVERSEAS
942 ## - ADDED ENTRY ELEMENTS (KOHA)
Suppress in OPAC 0
Holdings
Withdrawn status Lost status Source of classification or shelving scheme Damaged status Not for loan Home library Current library Shelving location Date acquired Total Checkouts Full call number Barcode Date last seen Copy number Price effective from Koha item type
    Dewey Decimal Classification     London London Books 03/11/1999   ABS60824 101323-1001 06/08/2019 1 06/08/2019 Journal article